Die 10 Länder mit niedrigster Alphabetisierungsquote - Statistiken

Allgemein
  • Dieses Quiz wurde 32 mal gespielt
  • Das Durchschnittsergebnis liegt bei 7 aus 10
Antwortstatistiken
Quote (in %) Land % Korrekt
37,8 Somalia
82%
37,3 Niger
79%
30,8 Mali
75%
26,8 Tschad
75%
34,5 Südsudan
64%
37,3 Afghanistan
61%
46 Burkina Faso
57%
45,3 Guinea
57%
37,5 Zentralafrikanische Republik
54%
45,8 Benin
50%
Keine übereinstimmenden Quizze gefunden
Verteilung der Resultate
Anzahl Personen mit jedem Resultat
Perzentil nach korrekt beantworteten Fragen
Ihre Resultats-Entwicklung
Sie haben dieses Quiz noch nicht gespielt